[Event "Sicilian . . . start your engines"]
[Site "SchemingMind.com"]
[Date "2014.08.09"]
[Round "-"]
[White "cnile"]
[Black "maro"]
[Result "0-1"]
[WhiteCountry "SCO"]
[BlackCountry "MEX"]
[WhiteElo "1546"]
[WhiteRD "66"]
[BlackElo "1499"]
[BlackRD "56"]
[GameID "362819"]

1. e4 c5 2. Nf3 Nc6 3. Bb5 Qb6 4. Nc3 a6 5. Be2 e5 6. d3 Be7 7. Nd5 Qd8 8. Be3 Nf6 9. Nc3 O-O 10. a3 d5
11. exd5 Nxd5 12. O-O Nxe3 13. fxe3 c4 14. d4 exd4 15. exd4 Bf6 16. Bxc4 Nxd4 17. Kh1 Nxf3 18. gxf3 Qc7 19. Qd5 Be6 20. Qe4 Bxc4
21. Rg1 Rfe8 22. Qg4 g6 23. Rad1 Be6 24. Qg2 Bxc3 25. bxc3 Qxc3 26. a4 Bf5
0-1

[Event "Sicilian . . . start your engines"]
[Site "SchemingMind.com"]
[Date "2014.08.11"]
[Round "-"]
[White "maro"]
[Black "cnile"]
[Result "1-0"]
[WhiteCountry "MEX"]
[BlackCountry "SCO"]
[WhiteElo "1499"]
[WhiteRD "56"]
[BlackElo "1546"]
[BlackRD "66"]
[GameID "362820"]

1. e4 c5 2. Nf3 d6 3. c3 Nf6 4. d3 Nc6 5. c4 g6 6. Bg5 Bg7 7. Qe2 O-O 8. Nc3 Qb6 9. b3 Nd7 10. Nd5 Qa5+
11. Bd2 Qd8 12. g3 Bxa1 13. Bh6 Bg7 14. Bxg7 Kxg7 15. Bh3 Qa5+ 16. Kf1 Nb4 17. Nxe7 Rd8 18. e5 dxe5 19. Nxe5 Qxa2 20. Nf5+ Kf8
21. Nxd7+ Bxd7 22. Qe7+ Kg8 23. Nh6+ Kh8 24. Qf6#
1-0

[Event "Sicilian . . . start your engines"]
[Site "SchemingMind.com"]
[Date "2014.08.13"]
[Round "-"]
[White "mochiron"]
[Black "cnile"]
[Result "0-1"]
[WhiteCountry "JPN"]
[BlackCountry "SCO"]
[WhiteElo "1426"]
[WhiteRD "68"]
[BlackElo "1542"]
[BlackRD "65"]
[GameID "362833"]

1. e4 c5 2. Nf3 d6 3. e5 dxe5 4. Be2 Nc6 5. O-O Nf6 6. d3 Bf5 7. Nc3 h6 8. h3 e6 9. Nh2 Qb6 10. Be3 Be7
11. Ne4 Bxe4 12. dxe4 Nxe4 13. f3 Ng3 14. b3 Nxf1 15. Bxf1 O-O 16. Bd3 Rfd8 17. Ng4 Nd4 18. Bxd4 Rxd4 19. Nxe5 Rad8 20. Qe2 Bf6
21. Rf1 R8d5 22. Nc4 Qb4 23. f4 b5 24. Ne5 Rxf4 25. Rxf4 Qxf4 26. Nf3 a6 27. c4 Rd8 28. cxb5 Qc1+ 29. Kf2 axb5 30. Bxb5 Qf4
31. Ke1 Bh4+ 32. Nxh4 Qxh4+ 33. Kf1 Qf4+ 34. Kg1 Qd4+ 35. Kh2 Qf4+ 36. Kh1 Rd2 37. Qf3 Qxf3 38. gxf3 Rxa2 39. Kg1 g5 40. Bc4 Kg7
41. b4 Rc2 42. Bd3 Rd2 43. Be4 cxb4 44. Kf1 b3 45. Ke1 Ra2 46. Bb1 Ra1 47. Kd2 Rxb1
0-1

[Event "Sicilian . . . start your engines"]
[Site "SchemingMind.com"]
[Date "2014.08.14"]
[Round "-"]
[White "cnile"]
[Black "mochiron"]
[Result "1-0"]
[WhiteCountry "SCO"]
[BlackCountry "JPN"]
[WhiteElo "1533"]
[WhiteRD "67"]
[BlackElo "1431"]
[BlackRD "74"]
[GameID "362834"]

1. e4 c5 2. Nf3 Nc6 3. Bb5 d6 4. Bxc6+ bxc6 5. Nc3 e5 6. d3 Be7 7. O-O Nf6 8. Be3 O-O 9. Qe2 Ba6 10. a3 Ng4
11. h3 Nxe3 12. Qxe3 d5 13. Nxe5 f6 14. Nxc6 Qc7 15. Nxe7+ Qxe7 16. Nxd5 Qd6 17. Rfe1 Rae8 18. Qf4 Re5 19. Qg4 Rg5 20. Qf3 Bb7
21. Ne3 f5 22. Qe2 fxe4 23. dxe4 Bxe4 24. Qc4+ Kh8 25. Qxe4 Qf6 26. Nc4 g6 27. Qe3 h6 28. Rad1 Rf5 29. Rd6 Qg7 30. Rd2 g5
31. Red1 g4 32. hxg4 Rg5 33. Rd7 Qf6 34. R7d6 Qg7 35. Rd7 Qg6 36. Qc3+ Kg8 37. R1d6 Qh7 38. Rxh7 Kxh7 39. Rd7+ Kg8 40. Ne5 Rxe5
41. Qxe5
1-0

[Event "Sicilian . . . start your engines"]
[Site "SchemingMind.com"]
[Date "2014.08.13"]
[Round "-"]
[White "mochiron"]
[Black "maro"]
[Result "0-1"]
[WhiteCountry "JPN"]
[BlackCountry "MEX"]
[WhiteElo "1492"]
[WhiteRD "80"]
[BlackElo "1499"]
[BlackRD "56"]
[GameID "362835"]

1. e4 c5 2. Nf3 Nc6 3. Bb5 Qc7 4. O-O d6 5. Bxc6+ Qxc6 6. d3 e5 7. Nc3 Be7 8. Bg5 Bg4 9. Bxe7 Nxe7 10. h3 Be6
11. Ne2 O-O 12. Ng3 d5 13. exd5 Bxd5 14. Nxe5 Qd6 15. Ng4 g6 16. Nh6+ Kg7 17. Ng4 Qc6 18. c3 Bxg2 19. Ne3 Bxh3 20. d4 Rad8
21. d5 Nxd5 22. Nxd5 Rxd5 23. Nh5+ Kh8 24. Qf3 Rg5+
0-1

[Event "Sicilian . . . start your engines"]
[Site "SchemingMind.com"]
[Date "2014.08.13"]
[Round "-"]
[White "maro"]
[Black "mochiron"]
[Result "1/2-1/2"]
[WhiteCountry "MEX"]
[BlackCountry "JPN"]
[WhiteElo "1499"]
[WhiteRD "56"]
[BlackElo "1492"]
[BlackRD "80"]
[GameID "362836"]

1. e4 c5 2. Nf3 Nc6 3. Bc4 e6 4. d4 cxd4 5. Nxd4 Nxd4 6. Qxd4 Be7 7. Qxg7 Bf6 8. Qg3 Ne7 9. e5 Rg8 10. Qf3 Bxe5
11. O-O Ng6 12. c3 Nh4 13. Qe4 Rxg2+ 14. Kh1 Rxh2+ 15. Kg1 Rg2+ 16. Kh1 Rh2+ 17. Kg1 Rg2+ 18. Kh1 Rh2+
1/2-1/2

[Event "Sicilian . . . start your engines"]
[Site "SchemingMind.com"]
[Date "2014.08.13"]
[Round "-"]
[White "mochiron"]
[Black "Shanks"]
[Result "1-0"]
[WhiteCountry "JPN"]
[BlackCountry "ENG"]
[WhiteElo "1467"]
[WhiteRD "74"]
[BlackElo "1378"]
[BlackRD "64"]
[GameID "362864"]

1. e4 c5 2. Nf3 Nc6 3. d4 cxd4 4. Nxd4 Ne5 5. Nf3 Nc6 6. Be2 e5 7. O-O d6 8. Bd2 Nf6 9. Nc3 Nd4 10. Nxd4 exd4
11. Nd5 Nxd5 12. exd5 g6 13. Re1 Bg7 14. Bb5+ Kf8 15. Re8+ Qxe8 16. Bxe8 Kxe8 17. Qe2+ Kf8 18. Re1 Be5 19. Bh6+ Kg8 20. Qf3 Bf5
21. g4 Bxc2 22. Rxe5 dxe5 23. Qf6
1-0

[Event "Sicilian . . . start your engines"]
[Site "SchemingMind.com"]
[Date "2014.08.13"]
[Round "-"]
[White "Shanks"]
[Black "mochiron"]
[Result "0-1"]
[WhiteCountry "ENG"]
[BlackCountry "JPN"]
[WhiteElo "1378"]
[WhiteRD "64"]
[BlackElo "1467"]
[BlackRD "74"]
[GameID "362865"]

1. e4 c5 2. Nf3 Nc6 3. c3 d6 4. d4 cxd4 5. cxd4 e5 6. d5 Nd4 7. Nxd4 exd4 8. Qxd4 Nf6 9. Nc3 Be7 10. Bc4 O-O
11. Be3 a6 12. h3 b5 13. Bb3 h6 14. f4 Nd7 15. Bc2 Bh4+ 16. Kd1 Bf6 17. Qd2 Bxc3 18. Qxc3 Nf6 19. g4 Nxg4 20. hxg4 Bxg4+
21. Kc1 Rc8 22. Qd3 Qa5 23. e5 dxe5 24. fxe5 f5 25. exf6 Rxc2+ 26. Qxc2 Rc8 27. Qxc8+ Bxc8 28. fxg7 Qc7+ 29. Kb1 Bf5#
0-1

[Event "Sicilian . . . start your engines"]
[Site "SchemingMind.com"]
[Date "2014.08.09"]
[Round "-"]
[White "cnile"]
[Black "Shanks"]
[Result "1-0"]
[WhiteCountry "SCO"]
[BlackCountry "ENG"]
[WhiteElo "1546"]
[WhiteRD "66"]
[BlackElo "1419"]
[BlackRD "69"]
[GameID "362866"]

1. e4 c5 2. Nf3 e6 3. d4 d6 4. Nc3 e5 5. dxe5 dxe5 6. Nxe5 Qxd1+ 7. Kxd1 Be6 8. Be3 Bd6 9. Nf3 h6 10. Bb5+ Nd7
11. Ke2 Ne7 12. Rhd1 a6 13. Bxd7+ Kxd7 14. Bxc5 Ng6 15. Rxd6+ Ke8 16. Rad1 Nf4+ 17. Kf1 Bc4+ 18. Kg1 Ne2+ 19. Nxe2 Bxe2 20. R1d2 Bb5
21. Bb6 f6 22. Nh4
1-0

[Event "Sicilian . . . start your engines"]
[Site "SchemingMind.com"]
[Date "2014.08.10"]
[Round "-"]
[White "Shanks"]
[Black "cnile"]
[Result "1/2-1/2"]
[WhiteCountry "ENG"]
[BlackCountry "SCO"]
[WhiteElo "1378"]
[WhiteRD "64"]
[BlackElo "1512"]
[BlackRD "64"]
[GameID "362867"]

1. e4 c5 2. Nf3 d6 3. c4 Nc6 4. d3 g6 5. Nc3 Bg7 6. Be3 Bd7 7. a3 e5 8. Qd2 a6 9. h3 Nge7 10. Be2 O-O
11. Bh6 Kh8 12. Bxg7+ Kxg7 13. Nd5 Be6 14. Nxe7 Qxe7 15. h4 f5 16. Ng5 Bg8 17. exf5 Rxf5 18. g4 Rf4 19. f3 Nd4 20. Bd1 Raf8
21. Qe3 h6 22. Ne4 Rxf3 23. Bxf3 Nc2+ 24. Kd2 Nxe3 25. Kxe3 Be6 26. h5 g5 27. Raf1 Qd7 28. Rh2 Bxg4 29. Nd2 Be6 30. Ne4 Bg8
31. Rg2 Be6 32. Ke2 Bh3 33. Rgf2 Bxf1+ 34. Rxf1 Qh3 35. Nxd6 Qh2+ 36. Ke1 Qxb2 37. Ne4 Qb1+ 38. Ke2 Qc2+ 39. Nd2 Rd8 40. Be4 Qb2
41. Bd5 b6 42. Rf7+ Kh8 43. Rf6 Kh7 44. Rf7+ Kh8 45. Rf6 Kg7 46. Rf7+ Kh8=
1/2-1/2

[Event "Sicilian . . . start your engines"]
[Site "SchemingMind.com"]
[Date "2014.08.09"]
[Round "-"]
[White "Shanks"]
[Black "maro"]
[Result "0-1"]
[WhiteCountry "ENG"]
[BlackCountry "MEX"]
[WhiteElo "1442"]
[WhiteRD "71"]
[BlackElo "1474"]
[BlackRD "56"]
[GameID "362868"]

1. e4 c5 2. Nf3 d5 3. e5 d4 4. d3 g6 5. Bf4 Bh6 6. Bg3 e6 7. Nbd2 Nc6 8. a3 Nge7 9. Qe2 O-O 10. Ne4 Qa5+
11. Kd1 b5 12. Neg5 Nd5 13. h4 Nc3+ 14. bxc3 Qxc3 15. Ne4 Qxa1#
0-1

[Event "Sicilian . . . start your engines"]
[Site "SchemingMind.com"]
[Date "2014.08.11"]
[Round "-"]
[White "maro"]
[Black "Shanks"]
[Result "1-0"]
[WhiteCountry "MEX"]
[BlackCountry "ENG"]
[WhiteElo "1521"]
[WhiteRD "55"]
[BlackElo "1378"]
[BlackRD "64"]
[GameID "362869"]

1. e4 c5 2. Nf3 Qc7 3. Bc4 e6 4. Nc3 a6 5. O-O d6 6. d4 Nd7 7. d5 e5 8. Ng5 Ndf6 9. b3 Nd7 10. Qf3 Ndf6
11. Ne2 b5 12. Bd3 Ne7 13. Bd2 Bg4 14. Qg3 Qd7 15. Ba5 Nh5 16. Qe3 Bxe2 17. Bxe2 Nf4 18. Bd2 Nxe2+ 19. Qxe2 h6 20. Nf3 g6
21. c3 Bg7 22. a4 b4 23. cxb4 cxb4 24. Bxb4 O-O 25. Bd2 a5 26. Be3 Rfb8 27. Qd2 Rxb3 28. Bxh6 Bf6 29. Bg5 Bg7 30. Qd1 Rb4
31. Re1 f6 32. Bd2 Rbb8 33. h3 Kf7 34. Nh4 g5 35. Qh5+ Kg8 36. Nf3 Qe8 37. Qg4 Qc8 38. Qe6+ Qxe6 39. dxe6 Rd8 40. Rab1 d5
41. exd5 Rxd5 42. Rb7 Bf8 43. Be3 Nf5 44. Nd2 Nxe3 45. fxe3 Rxd2 46. Rc1 Rd6 47. e7 Bxe7 48. Rxe7 Rad8= 49. Rcc7 Rd1+ 50. Kh2 R1d6
51. Rg7+ Kf8 52. Rh7 f5 53. Rcf7+ Ke8 54. Rxf5 e4 55. Re5+ Kf8 56. Rxg5 R6d7 57. Rf5+ Kg8 58. Rh6 Rg7 59. g4 Rd2+ 60. Kg3 Rd3
61. Rxa5 Rxe3+ 62. Kf4 Re1 63. Kf5 e3 64. Ra8+ Kf7 65. Rf6+ Ke7 66. Ra7+ Kd8 67. Rf8#
1-0

[Event "Sicilian . . . start your engines"]
[Site "SchemingMind.com"]
[Date "2014.08.13"]
[Round "-"]
[White "mochiron"]
[Black "fouche"]
[Result "0-1"]
[WhiteCountry "JPN"]
[BlackCountry "COL"]
[WhiteElo "1431"]
[WhiteRD "74"]
[BlackElo "1600"]
[BlackRD "57"]
[GameID "363063"]

1. e4 c5 2. Nf3 Nc6 3. Bb5 d6 4. O-O Bd7 5. d3 Nf6 6. Bxc6 Bxc6 7. Be3 g6 8. Nbd2 Bg7 9. h3 O-O 10. Nh2 a6
11. f4 b5 12. c4 bxc4 13. Nxc4 a5 14. e5 Nd5 15. Bf2 Nxf4 16. Bg3 Nxg2 17. Nf3 dxe5 18. Kxg2 a4 19. Nxe5 Qd4 20. Nxc6 Qxb2+
21. Rf2 Qa3 22. Nxe7+ Kh8 23. Rb1 Rfe8 24. Rb7 c4 25. dxc4 Rxe7 26. Rxe7 Qxe7 27. Bd6 Qe4 28. Re2 Qxc4 29. Rc2 Qe4 30. Re2 Qc6
31. Be5 Bxe5 32. Rxe5 Rc8 33. Kg3 Qc7 34. Kg2 Qc2+ 35. Qxc2 Rxc2+ 36. Kg3 Rxa2 37. Kg4 Kg7 38. Kf4 Rb2 39. Ra5 Rb4+ 40. Kg3 h6
41. Nd2 h5 42. h4 Rg4+ 43. Kf3 Rxh4 44. Ne4 Rh3+ 45. Kg2 Ra3 46. Nc5 Ra2+ 47. Kf3 a3 48. Nd3 Kh6 49. Kf4 Ra1 50. Ne5 a2
51. Nxf7+ Kg7 52. Ng5 Rf1+ 53. Ke5 a1=Q+ 54. Rxa1 Rxa1 55. Ne6+ Kh6 56. Nd4 h4 57. Nf3 Kh5
0-1

[Event "Sicilian . . . start your engines"]
[Site "SchemingMind.com"]
[Date "2014.08.13"]
[Round "-"]
[White "fouche"]
[Black "mochiron"]
[Result "1-0"]
[WhiteCountry "COL"]
[BlackCountry "JPN"]
[WhiteElo "1633"]
[WhiteRD "57"]
[BlackElo "1467"]
[BlackRD "74"]
[GameID "363064"]

1. e4 c5 2. Nf3 Nc6 3. d4 cxd4 4. Nxd4 e6 5. Nc3 Nxd4 6. Qxd4 Nf6 7. Be2 Be7 8. Be3 O-O 9. f3 d5 10. exd5 exd5
11. O-O-O Be6 12. g4 Nd7 13. Nxd5 Bxd5 14. Qxd5 Rc8 15. Qxd7 Qa5 16. Kb1 Bf6 17. Qb5 Qc7 18. Bd3 Rfd8 19. h4 Rxd3 20. Qxd3 Qe5
21. Bd4 Qd6 22. g5 Bxd4 23. Qxd4 Qc6 24. Qd8+ Qe8 25. Qxe8+ Rxe8 26. Rhe1 Kf8 27. Rxe8+ Kxe8 28. c4 Ke7 29. b4 h6 30. Kc2 hxg5
31. hxg5 f6 32. gxf6+ gxf6 33. c5 f5 34. a4 f4 35. b5 a6 36. c6 bxc6 37. bxc6 Ke6 38. c7 Ke5 39. c8=Q
1-0

[Event "Sicilian . . . start your engines"]
[Site "SchemingMind.com"]
[Date "2014.08.15"]
[Round "-"]
[White "fouche"]
[Black "cnile"]
[Result "0-1"]
[WhiteCountry "COL"]
[BlackCountry "SCO"]
[WhiteElo "1636"]
[WhiteRD "59"]
[BlackElo "1546"]
[BlackRD "66"]
[GameID "363065"]

1. e4 c5 2. Nf3 d6 3. d4 cxd4 4. Nxd4 Nf6 5. Nc3 a6 6. f3 e6 7. Be3 Bd7 8. Be2 Be7 9. Qd2 Nc6 10. g4 O-O
11. h4 Qc7 12. h5 Rfe8 13. O-O-O e5 14. g5 Nxe4 15. Nxe4 exd4 16. Bxd4 Ne5 17. g6 fxg6 18. hxg6 Rac8 19. Rxh7 Nxg6 20. Rxg7+ Kf8
21. Qh6 Qxc2#
0-1

[Event "Sicilian . . . start your engines"]
[Site "SchemingMind.com"]
[Date "2014.08.14"]
[Round "-"]
[White "cnile"]
[Black "fouche"]
[Result "0-1"]
[WhiteCountry "SCO"]
[BlackCountry "COL"]
[WhiteElo "1533"]
[WhiteRD "67"]
[BlackElo "1600"]
[BlackRD "57"]
[GameID "363066"]

1. e4 c5 2. Nf3 Nc6 3. Bb5 d6 4. Bxc6+ bxc6 5. d3 Nf6 6. h3 g6 7. Nc3 Bg7 8. Be3 O-O 9. O-O Bb7 10. Qd2 a5
11. a3 Ba6 12. Bh6 c4 13. d4 d5 14. exd5 cxd5 15. Rfe1 Ra7 16. Ne5 Qc7 17. Bxg7 Kxg7 18. Qe3 Rd8 19. Na4 Nd7 20. Nxd7 Rxd7
21. Nc5 Rd6 22. Nxa6 Rdxa6 23. c3 Re6 24. Qg5 Raa6 25. Qxd5 Rxe1+ 26. Rxe1 a4 27. Qe5+ Qxe5 28. Rxe5 Kf6 29. Rb5 e6 30. Rb4 e5
31. dxe5+ Kxe5 32. Rxc4 f5 33. Kh2 g5 34. g3 Kd5 35. Rd4+ Ke5 36. f3 h5 37. Kg2 Rb6 38. Rb4 Rd6 39. Rd4 Rxd4 40. cxd4+ Kxd4
41. Kf2 Kd3 42. Ke1 Kc2 43. f4 gxf4 44. gxf4 Kxb2 45. Kd2 Kxa3 46. Kc2 Kb4 47. Kb2 a3+ 48. Ka2 Kc3 49. Kxa3 Kd4 50. Kb3 Ke4
51. Kc3 Kxf4
0-1

[Event "Sicilian . . . start your engines"]
[Site "SchemingMind.com"]
[Date "2014.08.13"]
[Round "-"]
[White "fouche"]
[Black "Shanks"]
[Result "1/2-1/2"]
[WhiteCountry "COL"]
[BlackCountry "ENG"]
[WhiteElo "1633"]
[WhiteRD "57"]
[BlackElo "1378"]
[BlackRD "64"]
[GameID "363067"]

1. e4 c5 2. Nf3 d6 3. d4 cxd4 4. Nxd4 e5 5. Nf3 a6 6. Be3 Nc6 7. Nc3 h6 8. Be2 Nf6 9. Qd2 Be7 10. O-O Qc7
11. a3 O-O 12. Bd3 Bg4 13. Be2 Bh5 14. Rad1 Rad8 15. Qd3 Ng4 16. h3 Nxe3 17. Qxe3 Bg6 18. Nd5 Qd7 19. c4 Bh7 20. b4 f5
21. exf5 Bxf5 22. c5 e4 23. Nd2 Bg5 24. Qc3 Be6 25. Nb6 Qf7 26. Nxe4 Be7 27. Rd2 Bf5 28. Nxd6 Bxd6 29. cxd6 Qg6 30. Kh2 Kh7
31. Rfd1 Rf6 32. d7 Nb8 33. Na4 Rf7 34. Nc5 b6 35. Nb7 Rdxd7 36. Rxd7 Nxd7 37. Bd3 Bxd3 38. Qxd3 Qxd3 39. Rxd3 Nf6 40. Nd8 Re7
41. Nc6 Re6 42. Nb8 b5 43. Rc3 g5 44. Rc6 Rxc6= 45. Nxc6 Kg6 46. Kg3 Ne4+ 47. Kf3 Nd2+ 48. Ke2 Nc4 49. Nb8 Nxa3 50. Nxa6 Kf6=
1/2-1/2

[Event "Sicilian . . . start your engines"]
[Site "SchemingMind.com"]
[Date "2014.08.13"]
[Round "-"]
[White "Shanks"]
[Black "fouche"]
[Result "0-1"]
[WhiteCountry "ENG"]
[BlackCountry "COL"]
[WhiteElo "1381"]
[WhiteRD "67"]
[BlackElo "1600"]
[BlackRD "57"]
[GameID "363068"]

1. e4 c5 2. Nf3 Nc6 3. c3 d6 4. d4 cxd4 5. cxd4 e5 6. d5 Nce7 7. Nc3 Nf6 8. Bd3 g6 9. Be3 Bg7 10. Qd2 O-O
11. Ne2 a6 12. O-O Bd7 13. a4 Rc8 14. b4 Ng4 15. Bg5 Nf6 16. Bh6 Rc7 17. Bxg7 Kxg7 18. a5 Qe8 19. Rac1 Qc8 20. Rxc7 Qxc7
21. g3 Rc8 22. Kg2 Qd8 23. Rc1 Rc7 24. Rxc7 Qxc7 25. h4 h6 26. Neg1 Bg4 27. Nh2 Bd7 28. Ngf3 Nh7 29. g4 Qc8 30. h5 f5
31. g5 f4 32. gxh6+ Kxh6 33. hxg6 Nxg6 34. Qd1 Bg4 35. Qh1 Kg7 36. Nxg4 Qxg4+ 37. Kf1 Ng5 38. Nxg5 Qxg5 39. Be2 Nh4 40. f3 Qg3
41. Bd1 Kf7 42. Qg1= Nxf3 43. Qxg3 Nd2+ 44. Kg2 fxg3 45. Kxg3 Nxe4+ 46. Kh4 Nc3 47. Bh5+ Kf6 48. Bf3 Kf5 49. Kg3 e4 50. Bg4+ Ke5
51. Be6 Nxd5 52. Bxd5 Kxd5 53. Kf4 Kd4 54. Kg3 Ke3 55. Kg4 Kf2 56. Kf5 e3
0-1

[Event "Sicilian . . . start your engines"]
[Site "SchemingMind.com"]
[Date "2014.08.13"]
[Round "-"]
[White "fouche"]
[Black "maro"]
[Result "1-0"]
[WhiteCountry "COL"]
[BlackCountry "MEX"]
[WhiteElo "1636"]
[WhiteRD "59"]
[BlackElo "1499"]
[BlackRD "56"]
[GameID "363069"]

1. e4 c5 2. Nf3 e5 3. c3 d6 4. Bc4 Qf6 5. O-O a6 6. Bd5 Ne7 7. c4 Nec6 8. Nc3 Be6 9. d3 Bxd5 10. Nxd5 Qd8
11. a3 Be7 12. Qc2 O-O 13. Bd2 h6 14. b4 b6 15. bxc5 bxc5 16. Rfb1 Qd7 17. Nb6 Qa7 18. Nxa8 Qxa8 19. Rb2 Nd4 20. Nxd4 cxd4
21. f4 exf4 22. Bxf4 Nd7 23. Rab1 Ne5 24. Bxe5 dxe5 25. c5 Rc8 26. c6 Bxa3 27. Rb7 a5 28. Qb3 Bd6 29. Qxf7+
1-0

[Event "Sicilian . . . start your engines"]
[Site "SchemingMind.com"]
[Date "2014.08.13"]
[Round "-"]
[White "maro"]
[Black "fouche"]
[Result "0-1"]
[WhiteCountry "MEX"]
[BlackCountry "COL"]
[WhiteElo "1499"]
[WhiteRD "56"]
[BlackElo "1636"]
[BlackRD "59"]
[GameID "363070"]

1. e4 c5 2. Nf3 Nc6 3. Bb5 d6 4. Nc3 Bd7 5. O-O Nf6 6. d3 g6 7. Bg5 Bg7 8. Re1 a6 9. Bc4 O-O 10. e5 dxe5
11. Nxe5 b5 12. Bd5 Nxd5 13. Nxd5 f6 14. Nxc6 Bxc6 15. Nxe7+ Kh8 16. Nxc6 Qd5 17. Ne7 Qxg5 18. Qf3 Rae8 19. Qb7 f5 20. Re3 Bf6
21. Rae1 Bxe7 22. Rxe7 Rxe7 23. Qxe7 Qf6 24. Qxc5 g5 25. Re5 Kg7 26. Re7+ Rf7 27. Re5 Kg6 28. g3 h5 29. d4 h4 30. gxh4 gxh4
31. f4 Rg7 32. h3 Kh6+ 33. Kf2 Qg6 34. Rxf5 Qg3+ 35. Ke2 Qg2+ 36. Kd1 Qf3+ 37. Kd2 Rg2+
0-1

[Event "Sicilian . . . start your engines"]
[Site "SchemingMind.com"]
[Date "2014.08.21"]
[Round "-"]
[White "mochiron"]
[Black "idrum"]
[Result "1-0"]
[WhiteCountry "JPN"]
[BlackCountry "USA"]
[WhiteElo "1467"]
[WhiteRD "74"]
[BlackElo "1546"]
[BlackRD "82"]
[GameID "363190"]

1. e4 c5 2. Nf3 d6 3. Bc4 Nf6 4. d3 e6 5. O-O Nc6 6. Be3 Be7 7. Nc3 Ng4 8. h3 Nge5 9. Nxe5 Nxe5 10. Bb5+ Nc6
11. Bxc6+ bxc6 12. f4 Qb6 13. f5 Qxb2 14. Ne2 O-O 15. fxe6 Bxe6 16. Nf4 Qe5 17. d4 cxd4 18. Nxe6 Qxe6 19. Bxd4 g6 20. Rb1 Qxa2
21. Rb7 Qe6 22. Qf3 c5 23. Bc3 Bg5 24. e5 Qa2 25. exd6 Qxc2 26. Bf6 Qd2 27. Bxg5 Qxg5 28. Rxf7 Rfd8 29. Re7 Qf5 30. Qb3+
1-0

[Event "Sicilian . . . start your engines"]
[Site "SchemingMind.com"]
[Date "2014.08.21"]
[Round "-"]
[White "idrum"]
[Black "mochiron"]
[Result "1-0"]
[WhiteCountry "USA"]
[BlackCountry "JPN"]
[WhiteElo "1546"]
[WhiteRD "82"]
[BlackElo "1467"]
[BlackRD "74"]
[GameID "363191"]

1. e4 c5 2. Nf3 Nc6 3. d4 cxd4 4. Nxd4 e5 5. Nb5 a6 6. Nd6+ Bxd6 7. Qxd6 h6 8. Be2 Nge7 9. Be3 Nd4 10. Bd3 O-O
11. Qxe5 Ndc6 12. Qd6 b5 13. Qg3 Ng6 14. Nc3 Nce5 15. Be2 d6 16. Bd4 Bb7 17. O-O-O b4 18. Nd5 Bxd5 19. exd5 a5 20. Qe3 Rc8
21. f4 Qc7 22. Rd2 Nc4 23. Bxc4 Qxc4 24. Qb3 Qxb3 25. axb3 f5 26. Rf1 Ra8 27. Re2 Nh4 28. Rfe1 a4 29. Re7 axb3 30. Rxg7+ Kh8
31. Rg3+ Kh7 32. Re7+
1-0

[Event "Sicilian . . . start your engines"]
[Site "SchemingMind.com"]
[Date "2014.08.16"]
[Round "-"]
[White "fouche"]
[Black "idrum"]
[Result "1-0"]
[WhiteCountry "COL"]
[BlackCountry "USA"]
[WhiteElo "1636"]
[WhiteRD "59"]
[BlackElo "1513"]
[BlackRD "85"]
[GameID "363192"]

1. e4 c5 2. Nf3 d6 3. d4 cxd4 4. Nxd4 Nf6 5. Nc3 a6 6. Be3 e5 7. Nb3 Be7 8. f3 Be6 9. Be2 O-O 10. Qd2 Nc6
11. O-O-O b5 12. g4 Qb8 13. h4 Nb4 14. Kb1 a5 15. h5 a4 16. Nc1 Ra5 17. g5 Nxh5 18. Rxh5 Qc7 19. f4 exf4 20. Bxf4 Raa8
21. a3 Na6 22. Rdh1 f6 23. Rxh7 g6 24. Rh8+
1-0

[Event "Sicilian . . . start your engines"]
[Site "SchemingMind.com"]
[Date "2014.08.16"]
[Round "-"]
[White "idrum"]
[Black "fouche"]
[Result "0-1"]
[WhiteCountry "USA"]
[BlackCountry "COL"]
[WhiteElo "1513"]
[WhiteRD "85"]
[BlackElo "1636"]
[BlackRD "59"]
[GameID "363193"]

1. e4 c5 2. Nf3 Nc6 3. d4 cxd4 4. Nxd4 Nf6 5. Nc3 e5 6. Ndb5 d6 7. Bc4 a6 8. Na3 b5 9. Be2 Be7 10. O-O Bb7
11. Nd5 O-O 12. Ne3 Nd4 13. Nf5 Bxe4 14. Nh4 Rc8 15. c3 Nxe2+ 16. Qxe2 Bd5 17. Be3 Bc4 18. Nxc4 bxc4 19. b4 d5 20. Nf5 Qd7
21. Qf3 Bd6 22. Rad1 e4 23. Qh3 Be5 24. Nh6+ Kh8 25. Nf5 g6 26. f4 Bxc3 27. a3 gxf5 28. Bf2 d4 29. Bh4 d3 30. Bg5 Rg8
31. Qg3 Rg6 32. Qe3 Bd4 33. Qf2 Bxf2+ 34. Rxf2 Qd4 35. Bh4 e3 36. Re2 Qe4 37. Rde1 dxe2
0-1

[Event "Sicilian . . . start your engines"]
[Site "SchemingMind.com"]
[Date "2014.08.17"]
[Round "-"]
[White "cnile"]
[Black "idrum"]
[Result "0-1"]
[WhiteCountry "SCO"]
[BlackCountry "USA"]
[WhiteElo "1546"]
[WhiteRD "66"]
[BlackElo "1513"]
[BlackRD "85"]
[GameID "363194"]

1. e4 c5 2. Nf3 d6 3. d4 cxd4 4. Nxd4 Nf6 5. Nc3 a6 6. Be2 e5 7. Nb3 Be7 8. O-O O-O 9. Be3 b5 10. f3 Be6
11. Qd2 Qc7 12. Rac1 Nc6 13. Rfd1 b4 14. Na4 a5 15. Bb6 Qb8 16. Be3 d5 17. Nbc5 dxe4 18. Nxe6 fxe6 19. Bc4 Nd8 20. b3 exf3
21. gxf3 e4 22. Bb6 Nf7 23. Bxe6 Qe5 24. Bxf7+ Rxf7 25. Qd5 Nxd5 26. Bd4 Qf4
0-1

[Event "Sicilian . . . start your engines"]
[Site "SchemingMind.com"]
[Date "2014.08.16"]
[Round "-"]
[White "idrum"]
[Black "cnile"]
[Result "0-1"]
[WhiteCountry "USA"]
[BlackCountry "SCO"]
[WhiteElo "1513"]
[WhiteRD "85"]
[BlackElo "1546"]
[BlackRD "66"]
[GameID "363195"]

1. e4 c5 2. Nf3 d6 3. d4 cxd4 4. Qxd4 Nc6 5. Bb5 Qa5+ 6. Nc3 Bd7 7. Qc4 Nf6 8. O-O a6 9. Ba4 Rc8 10. Qb3 b5
11. Nxb5 axb5 12. Bxb5 Nxe4 13. Bc4 e6 14. Bf4 d5 15. Be2 Be7 16. Rad1 Bf6 17. a4 O-O 18. Be3 Rb8 19. Qa3 Bxb2 20. Qa2 Nc3
21. Qxb2 Rxb2 22. Rde1 Nxe2+ 23. Rxe2 Qxa4 24. Ne1 Nb4 25. Bc1 Rb1 26. Be3 Rc8 27. Rd2 Nxc2 28. Nxc2 Rxf1+ 29. Kxf1 Bb5+ 30. Ke1 Rxc2
31. Kd1 Rc3+
0-1

[Event "Sicilian . . . start your engines"]
[Site "SchemingMind.com"]
[Date "2014.08.17"]
[Round "-"]
[White "Shanks"]
[Black "idrum"]
[Result "0-1"]
[WhiteCountry "ENG"]
[BlackCountry "USA"]
[WhiteElo "1419"]
[WhiteRD "69"]
[BlackElo "1513"]
[BlackRD "85"]
[GameID "363196"]

1. e4 c5 2. Nf3 d6 3. c4 g6 4. d3 Nf6 5. Be2 Nc6 6. a3 Bg7 7. h3 e5 8. Be3 b6 9. Nc3 Be6 10. Qd2 Na5
11. Bd1 a6 12. Bc2 O-O 13. O-O-O b5 14. Nd5 bxc4 15. dxc4 Nxc4 16. Nxf6+ Bxf6 17. Qe1 Qb6 18. b4 Nxa3 19. Bd3 a5 20. bxc5 Rac8
21. Kd2 Qb2+ 22. Bc2 Qxc2#
0-1

[Event "Sicilian . . . start your engines"]
[Site "SchemingMind.com"]
[Date "2014.08.17"]
[Round "-"]
[White "idrum"]
[Black "Shanks"]
[Result "1-0"]
[WhiteCountry "USA"]
[BlackCountry "ENG"]
[WhiteElo "1546"]
[WhiteRD "82"]
[BlackElo "1378"]
[BlackRD "64"]
[GameID "363197"]

1. e4 c5 2. Nf3 Nc6 3. d4 cxd4 4. Nxd4 Ne5 5. Be2 e6 6. Bf4 Ng6 7. Be3 e5 8. Nf3 a6 9. Nc3 d6 10. Nd5 Be6
11. Bb6 Qc8 12. Nc7+ Kd7 13. c4 N8e7 14. Qa4+ Nc6 15. Rc1 Nf4 16. Bf1 Ke7 17. c5 Kf6 18. g3 Ng6 19. Bd3 Nge7 20. cxd6 Ng6
21. Qa3 h5 22. h4 Bg4 23. Nd5+ Ke6 24. Ng5+ Kd7 25. Ba5 Bxd6 26. Nb6+ Ke8 27. Qxd6 Bd7 28. Nxc8 Rxc8 29. Bb6 f6 30. Ne6 Bxe6
31. Qxe6+ Nge7 32. O-O a5 33. Bc5
1-0